[Event "Solingen Karneval op"]
[Site "Solingen"]
[Date "2014.03.01"]
[Round "3"]
[White "Rist, Kurt"]
[Black "Bosbach, Jens"]
[Result "0-1"]
[WhiteElo "1680"]
[BlackElo "2021"]
[PlyCount "110"]
[EventDate "2014.02.28"]
[EventType "swiss"]
[EventRounds "5"]
[EventCountry "GER"]
[SourceTitle "EXT 2016"]
[Source "ChessBase"]
[SourceDate "2015.10.08"]
[SourceVersion "1"]
[SourceVersionDate "2015.10.08"]
[SourceQuality "1"]

1. Nf3 Nf6 2. c4 b6 3. d3 Bb7 4. e4 d6 5. Nc3 e6 6. Be2 Be7 7. 0-0 0-0 8. Nd4 c5 9. Nc2 Nc6 10. Be3 a6 11. a3 Qc7 12. b4 Ne5 13. f4 Ned7 14. Bf3 Rac8 15. Rc1 Rfd8 16. Qe1 Nf8 17. Qf2 N6d7 18. g4 cxb4 19. axb4 Bf6 20. Na4 b5 21. Nb6 Rb8 22. c5 dxc5 23. bxc5 Nxb6 24. cxb6 Qd7 25. Rfd1 Rdc8 26. d4 Be7 27. d5 exd5 28. exd5 Bd6 29. Kg2 Ng6 30. Qg3 Rc3 31. Rd4 Rbc8 32. Be4 Bxf4 33. Bxf4 Rxg3+ 34. Bxg3 Qxg4 35. Kf2 f5 36. Ne3 Qg5 37. Rxc8+ Bxc8 38. Bxf5 Qf6 39. Rd2 Bxf5 40. Ke2 Bc8 41. d6 Nf8 42. Nd5 Qe6+ 43. Kf2 Bb7 44. Nf4 Qf5 45. Re2 Qc5+ 46. Ke1 Qxd6 47. Ne6 Qb4+ 48. Kf2 Nxe6 49. Rxe6 Qd4+ 50. Ke1 Kf7 51. Rd6 Qe4+ 52. Kd2 Ke7 53. Rd3 Qg2+ 54. Ke1 Qg1+ 55. Ke2 Qxb6 0-1

[Event "Solingen Karneval op"]
[Site "Solingen"]
[Date "2014.02.28"]
[Round "1"]
[White "Rist, Kurt"]
[Black "Vogt, Thomas"]
[Result "1-0"]
[WhiteElo "1680"]
[BlackElo "2139"]
[PlyCount "77"]
[EventDate "2014.02.28"]
[EventType "swiss"]
[EventRounds "5"]
[EventCountry "GER"]
[SourceTitle "EXT 2016"]
[Source "ChessBase"]
[SourceDate "2015.10.08"]
[SourceVersion "1"]
[SourceVersionDate "2015.10.08"]
[SourceQuality "1"]

1. Nf3 c5 2. c4 Nc6 3. Nc3 g6 4. e3 Bg7 5. d4 cxd4 6. exd4 d6 7. Be2 Nf6 8. 0-0 0-0 9. Bg5 h6 10. Bh4 Bf5 11. Qd2 Kh7 12. Rfd1 Rc8 13. Bg3 Ne4 14. Nxe4 Bxe4 15. Qe3 d5 16. Rac1 Qb6 17. cxd5 Bxd5 18. b3 Bxf3 19. Bxf3 Bxd4 20. Qf4 Bg7 21. Qg4 f5 22. Qh3 Nd4 23. Rxc8 Rxc8 24. Bf4 e5 25. Be3 Rc2 26. Bd5 Qd6 27. Bxd4 exd4 28. Qd3 Rxa2 29. Qc4 Qb8 30. Re1 h5 31. g3 b6 32. Bf7 b5 33. Qe6 Qb6 34. Qe8 Qf6 35. Re6 Ra1+ 36. Kg2 Qg5 37. Bxg6+ Kh6 38. Bxf5+ Bf6 39. Qh8# 1-0

[Event "Solingen Karneval op"]
[Site "Solingen"]
[Date "2013.02.10"]
[Round "4"]
[White "Rist, Kurt"]
[Black "Fleckenstein, Tobias"]
[Result "1-0"]
[WhiteElo "1658"]
[BlackElo "1446"]
[PlyCount "123"]
[EventDate "2013.02.08"]
[EventType "swiss"]
[EventRounds "5"]
[EventCountry "GER"]
[SourceTitle "EXT 2015"]
[Source "ChessBase"]
[SourceDate "2014.11.20"]
[SourceVersion "1"]
[SourceVersionDate "2014.11.20"]
[SourceQuality "1"]

1. e4 c5 2. Nf3 d6 3. Bc4 Nc6 4. c3 Nf6 5. d3 g6 6. Bg5 Bg7 7. Nbd2 Bd7 8. Nf1 0-0 9. Ne3 Na5 10. Bb3 Nxb3 11. axb3 b5 12. h4 h5 13. Nh2 Re8 14. g4 Nxg4 15. Nhxg4 hxg4 16. Nxg4 b4 17. Nh6+ Kf8 18. Kf1 bxc3 19. bxc3 Bxc3 20. h5 Qc8 21. Rc1 Bh3+ 22. Kg1 Bf6 23. Be3 g5 24. Qf3 Be6 25. Nf5 Bxf5 26. exf5 Kg7 27. h6+ Kh7 28. d4 Qd7 29. dxc5 dxc5 30. Bxc5 g4 31. Qe4 Rac8 32. b4 Qd2 33. Rc2 Qd1+ 34. Kg2 Qf3+ 35. Qxf3 gxf3+ 36. Kxf3 Red8 37. Ra2 Rd7 38. Ra6 Rcc7 39. Ra5 Rb7 40. Ke4 Rbc7 41. Ra6 Rb7 42. Rb1 Rbc7 43. Rb3 Kxh6 44. Be3+ Kh7 45. Rb1 Rc4+ 46. Kf3 Rd5 47. Rh1+ Kg8 48. Rh5 Rxb4 49. Rxa7 e6 50. Ra8+ Rd8 51. Ra7 exf5 52. Rxf5 Bd4 53. Bxd4 Rbxd4 54. Rfxf7 Rd3+ 55. Ke2 Rd2+ 56. Kf1 Rd1+ 57. Kg2 R1d2 58. Kg3 R2d3+ 59. f3 Kh8 60. Kh4 Kg8 61. Kh5 Rf8 62. Rg7+ 1-0

[Event "Solingen Karneval op"]
[Site "Solingen"]
[Date "2011.03.06"]
[Round "4"]
[White "Brinkmann, Katharina"]
[Black "Rist, Kurt"]
[Result "0-1"]
[WhiteElo "1438"]
[BlackElo "1670"]
[PlyCount "77"]
[EventDate "2011.03.04"]
[EventType "swiss"]
[EventRounds "5"]
[EventCountry "GER"]
[SourceTitle "EXT 2015"]
[Source "ChessBase"]
[SourceDate "2014.11.20"]
[SourceVersion "1"]
[SourceVersionDate "2014.11.20"]
[SourceQuality "1"]

1. d4 f5 2. c4 Nf6 3. Nc3 e6 4. Bg5 Be7 5. e3 b6 6. Nf3 Bb7 7. Bd3 0-0 8. 0-0 Qe8 9. Bxf6 Rxf6 10. d5 Na6 11. e4 Nc5 12. e5 Rg6 13. Bc2 Rg4 14. Qe2 Qg6 15. g3 Qh5 16. b4 Rxc4 17. Qxc4 Qxf3 18. bxc5 exd5 19. Qf4 Qxc3 20. Qxf5 g6 21. Qd3 Qxc5 22. Bb3 c6 23. Kg2 a5 24. Qd2 a4 25. Bd1 Rf8 26. Bg4 d4 27. f4 Ba6 28. Rfc1 Bc4 29. Re1 Bd5+ 30. Kh3 Rf5 31. Bxf5 gxf5 32. g4 fxg4+ 33. Kxg4 Qa3 34. Qf2 h5+ 35. Kf5 Qh3+ 36. Kg6 Bf7+ 37. Kh6 Bf8+ 38. Kg5 Qg4+ 39. Kf6 0-1

[Event "Solingen Karneval op"]
[Site "Solingen"]
[Date "2011.03.05"]
[Round "2"]
[White "Eick, Holger"]
[Black "Rist, Kurt"]
[Result "1-0"]
[WhiteElo "1058"]
[BlackElo "1670"]
[PlyCount "117"]
[EventDate "2011.03.04"]
[EventType "swiss"]
[EventRounds "5"]
[EventCountry "GER"]
[SourceTitle "EXT 2015"]
[Source "ChessBase"]
[SourceDate "2014.11.20"]
[SourceVersion "1"]
[SourceVersionDate "2014.11.20"]
[SourceQuality "1"]

1. d4 Nf6 2. Nf3 d5 3. e3 c6 4. Bd3 Bg4 5. Nbd2 Nbd7 6. b3 Qc7 7. Bb2 e6 8. c4 Bd6 9. Qc2 Bh5 10. c5 Be7 11. 0-0 Bg6 12. h3 0-0 13. Rfe1 Bxd3 14. Qxd3 Rfe8 15. Rac1 Rad8 16. Qc2 Bf8 17. b4 a6 18. Bc3 g6 19. e4 dxe4 20. Nxe4 Nd5 21. Rcd1 Bg7 22. Nd6 Re7 23. Re2 N7f6 24. Ne5 Nf4 25. Ree1 N6d5 26. h4 Bf6 27. g3 Nxc3 28. Qxc3 Nd5 29. Qd2 Kg7 30. a3 h6 31. f4 Rh8 32. Kg2 Rg8 33. Rh1 Kh7 34. Kf3 h5 35. Rde1 Ra8 36. Rb1 Bg7 37. Rb2 f6 38. Nec4 e5 39. f5 gxf5 40. Nxf5 e4+ 41. Kg2 e3 42. Qd3 Rf7 43. Nfd6+ f5 44. Nxf7 Qxf7 45. Nxe3 Ne7 46. Rf2 Rd8 47. Nxf5 Qg6 48. Rf3 Nxf5 49. Rxf5 Rxd4 50. Rxh5+ Bh6 51. Rxh6+ Kxh6 52. Qxd4 Qc2+ 53. Kh3 Qf5+ 54. Qg4 Qd3 55. Qg5+ Kh7 56. Re1 Qd7+ 57. Qg4 Qf7 58. Qe4+ Kh6 59. Qe6+ 1-0

[Event "Solingen-ch"]
[Site "Solingen"]
[Date "2009.09.15"]
[Round "3"]
[White "Rist, Kurt"]
[Black "Mueller, Philip2"]
[Result "1/2-1/2"]
[WhiteElo "1623"]
[BlackElo "1389"]
[PlyCount "96"]
[EventDate "2009.09.15"]
[EventType "swiss"]
[EventRounds "7"]
[EventCountry "GER"]
[SourceTitle "EXT 2011"]
[Source "ChessBase"]
[SourceDate "2010.11.26"]
[SourceVersion "1"]
[SourceVersionDate "2010.11.26"]
[SourceQuality "1"]

1. e4 e5 2. Nf3 Nc6 3. Bc4 Nf6 4. Qe2 d5 5. exd5 Nxd5 6. d4 Be7 7. dxe5 Bg4 8. Qe4 Be6 9. h4 Qd7 10. Bg5 0-0-0 11. 0-0 Bf5 12. Qe2 Bxg5 13. hxg5 Nf4 14. Qd2 Qxd2 15. Nbxd2 Nxe5 16. Nxe5 Rxd2 17. Nxf7 Re8 18. Rad1 Rxd1 19. Rxd1 Bxc2 20. Rd2 Bg6 21. g3 Bxf7 22. Bxf7 Rf8 23. Bb3 Nh3+ 24. Kg2 Nxg5 25. f4 Ne4 26. Re2 Nf6 27. Be6+ Kd8 28. Bh3 c5 29. Re5 b6 30. Kf3 Kc7 31. Re7+ Kd6 32. Rxg7 a5 33. Rb7 Kc6 34. Re7 Kd5 35. Bf5 h6 36. g4 b5 37. Bg6 Kd6 38. Ra7 a4 39. f5 Ke5 40. Bf7 Nd5 41. Be6 Nf6 42. Ra5 Rb8 43. Ra7 Rd8 44. Re7 Kd6 45. Rf7 Ke5 46. Rc7 Kd6 47. Ra7 Ke5 48. Ra6 c4 1/2-1/2

[Event "Solingen op-B"]
[Site "Solingen"]
[Date "2005.05.29"]
[Round "7"]
[White "Rist, Kurt"]
[Black "Wurm, Christoph"]
[Result "0-1"]
[WhiteElo "1682"]
[BlackElo "1562"]
[PlyCount "82"]
[EventDate "2005.05.26"]
[EventType "swiss"]
[EventRounds "7"]
[EventCountry "GER"]
[SourceTitle "EXT 2006"]
[Source "ChessBase"]
[SourceDate "2005.11.24"]
[SourceVersion "1"]
[SourceVersionDate "2005.11.24"]
[SourceQuality "1"]

1. e4 c5 2. Nf3 d6 3. Bc4 Nc6 4. 0-0 Nf6 5. d3 g6 6. a3 Bg7 7. c3 0-0 8. Bg5 Bg4 9. Nbd2 a6 10. Qc2 b5 11. Bd5 Qc7 12. Rac1 Rab8 13. b4 Rfd8 14. Bf4 Rbc8 15. Ba2 Qd7 16. Ng5 Rf8 17. Qb3 Nd8 18. c4 Ne6 19. Nxe6 Bxe6 20. Qb1 bxc4 21. dxc4 Rb8 22. Rfe1 Qa4 23. Re3 cxb4 24. Rb3 a5 25. Qc2 Rb7 26. Qb1 Rc8 27. Rd3 Rcb8 28. Bb3 Qc6 29. a4 Nxe4 30. Nxe4 Qxe4 31. Bg3 Rc8 32. Re1 Qf5 33. Rxe6 fxe6 34. Qd1 Rf8 35. Re3 Bc3 36. Rxe6 Kg7 37. c5 Qxc5 38. Bh4 Kh8 39. Qc1 Rc7 40. Qd1 Be5 41. Qd3 Qc3 0-1

[Event "Solingen op-B"]
[Site "Solingen"]
[Date "2005.05.26"]
[Round "1"]
[White "Rist, Kurt"]
[Black "Andrae, Philipp"]
[Result "1-0"]
[WhiteElo "1682"]
[BlackElo "940"]
[PlyCount "61"]
[EventDate "2005.05.26"]
[EventType "swiss"]
[EventRounds "7"]
[EventCountry "GER"]
[SourceTitle "EXT 2006"]
[Source "ChessBase"]
[SourceDate "2005.11.24"]
[SourceVersion "1"]
[SourceVersionDate "2005.11.24"]
[SourceQuality "1"]

1. e4 e5 2. d4 exd4 3. Nf3 Bc5 4. Bg5 Nf6 5. e5 Be7 6. exf6 Bxf6 7. Bxf6 Qxf6 8. Nxd4 Qd6 9. Nc3 0-0 10. Bd3 Re8+ 11. Kf1 Re5 12. h4 Qe7 13. h5 Qf6 14. h6 gxh6 15. Qd2 Kg7 16. Nf3 Re8 17. Nd5 Qd6 18. Qc3+ f6 19. Rh5 Nc6 20. Nh4 Kf7 21. Nxf6 Re6 22. Nxh7 Qh2 23. Rf5+ Ke7 24. Qg7+ Kd6 25. Nf3 Qh1+ 26. Ng1 b6 27. Bc4 Nd4 28. Rd5+ Kc6 29. Qxd4 d6 30. Nf6 Re7 31. Rh5 1-0